Основи на здравето (Запис номер 103132)
[ съкратено ]
| 000 -Лидер | |
|---|---|
| Контролно поле с фиксирана дължина | 02502nam a2200457 c 4500 |
| 003 - Код на организацията, давaща контролен номер | |
| Контролно поле | BLK |
| 005 - Дата и час на последна редакция | |
| Контролно поле | 20230811005215.0 |
| 008 - Елементи от данни с фиксирана дължина | |
| fixed length control field | 180409b bul|||||r ||||||| ||bul|| |
| 010 ## - Наследен системен номер | |
| LC control number | KNG00108204000 |
| 040 ## - Източник на каталожния запис | |
| Идентификатор на билиотеката - собственик на записа | BLK |
| 041 ## - Код за език | |
| Код за езика на текст/звукозапис или на отделно заглавие | Български |
| Код за езика КДБФ | Български |
| 072 #7 - Код за тематичната категория | |
| Код организация | bullib |
| Код за тематична категория | Л05 |
| Текст | Други методи |
| 072 #7 - Код за тематичната категория | |
| Код организация | bullib |
| Код за тематична категория | Л0101 |
| Текст | Билколечение. Природолечение. Народна медицина |
| 080 ## - УДК | |
| Текстов определител УДК | Хигиена. Лично здраве. Вж и 614 ; 616-083 |
| УДК код - определител по УДК | 613 |
| УДК определител | (035) |
| УДК - код + определител | 613(035) |
| 080 ## - УДК | |
| Текстов определител УДК | Здраве и болест. Самолечение(самооздравяване)на организма чрез защитния механизъм на организма. Експериментално предизвикване на болести |
| УДК код - определител по УДК | 616-092.11/.19 |
| УДК определител | (035) |
| УДК - код + определител | 616-092.11/.19(035) |
| 080 ## - УДК | |
| Текстов определител УДК | Физиотерапия. Механично действащи средства. Радиотерапия и др. нелекарствени терапевтични средства и методи |
| УДК код - определител по УДК | 615.8 |
| УДК определител | (035) |
| УДК - код + определител | 615.8(035) |
| 080 ## - УДК | |
| Текстов определител УДК | Лекарствени средства от растителен произход. Подразделя се със знак за отношение :582; :633/635; :665.3 |
| УДК код - определител по УДК | 615.322 |
| УДК определител | (035) |
| УДК - код + определител | 615.322(035) |
| 100 ## - Редна дума - Автор | |
| Автор | Малахов, Генадий Петрович |
| Авторска отговорност | първи автор |
| R(LIN) | 366209 |
| 139 ## - Редно поле | |
| Редна дума | Малахов, Генадий Петрович |
| Авторски знак | Мал - М 20 |
| 245 10 - Сведения за заглавието | |
| Заглавие | Основи на здравето |
| Редно поле (дума) | Генадий Петрович Малахов; прев. от рус. Лиляна Стоянова. |
| 257 ## - Страна на издаване | |
| Страна на създаване/издаване | Русия |
| 260 ## - Област на издателските данни | |
| -- | София |
| Име на издателя, разпространителя и проч. | Здраве и щастие |
| Година на издаване | 2003 |
| Печатница | София : Ник Арт Син |
| 300 ## - Физическа характеристика | |
| Страници | 831 с. |
| Илюстрации и др. | с ил. |
| Размери/Мащаб | 22 см |
| 380 ## - Жанр | |
| Жанр | Медицина |
| 500 ## - Общи забележки | |
| Забележка | Ориг. загл. Основы здоровья / Г. П. Малахов. |
| 650 #4 - Допълнително описание по предмет – тема | |
| Основно описание – тема или топоним | Хигиена |
| 9 (RLIN) | 176430 |
| 650 #4 - Допълнително описание по предмет – тема | |
| Основно описание – тема или топоним | Хранене |
| 9 (RLIN) | 176826 |
| 650 #4 - Допълнително описание по предмет – тема | |
| Основно описание – тема или топоним | Природолечение |
| 9 (RLIN) | 167899 |
| 650 #4 - Допълнително описание по предмет – тема | |
| Основно описание – тема или топоним | Фитотерапия |
| 9 (RLIN) | 175865 |
| 653 ## - Ключова дума – ненормативна | |
| Ключова дума | самолечение |
| 653 ## - Ключова дума – ненормативна | |
| Ключова дума | природолечение |
| 653 ## - Ключова дума – ненормативна | |
| Ключова дума | фитотерапия |
| 659 ## - Тематичен бюлетин | |
| Тематичен бюлетин | Л |
| 700 1# - Други автори (авторска отговорност) | |
| Лично име | Стоянова, Лиляна |
| Автороска отговорност (Описва отношението между автора и произведението) | прев. от рус. |
| Друга информация | Куманова, Лиляна Стоянова |
| 9 (RLIN) | 367120 |
| 852 ## - Местоположение | |
| Форматна сигнатура | Цб 216240 |
| 856 4# - Електронен адрес и достъп | |
| Електронен формат | pdf - файл |
| Път до файла /url/ | |
| 856 4# - Електронен адрес и достъп | |
| Електронен формат | pdf - файл |
| Път до файла /url/ | |
| 942 ## - АРТИКУЛИ | |
| Вид на библиотечния материал | Книги |
| Скрит в OPAC | Не |
| 944 ## - СЪЗДАВАНЕ И РЕДАКЦИЯ на ЗАПИСА | |
| Създаване/Редакция | Създаване |
| Дата на регистрацията/редакция | 10.10.2003 |
| Служител, извършил регистрацията/редакцията | |
| Статус, дата на статуса | CRON CRON |
| 944 ## - СЪЗДАВАНЕ И РЕДАКЦИЯ на ЗАПИСА | |
| Създаване/Редакция | Редакция |
| Дата на регистрацията/редакция | 25.01.2013 |
| Служител, извършил регистрацията/редакцията | |
| 999 ## - СИСТЕМНИ КОНТРОЛНИ НОМЕРА | |
| Koha biblionumber | 103132 |
| Koha biblioitemnumber | 103132 |
| Код за отписване | Код за изгубен артикул | Код за повреда | Коз за рестрикции | Код за отдаване | Артикулен № | Име на библиотеката - собственик | Име на библиотеката, в която се намира в момента | Статус (Текущо местоположение) | Дата на вписване в системата | Местоположение - отдел | Цена в лева | Инвентарен номер | Систематично азбучна сигнатура | Баркод | Номер на екземпляра | Цена в евро | Служебна бележка | Служебен тип на артикула |
|---|---|---|---|---|---|---|---|---|---|---|---|---|---|---|---|---|---|---|
| Не е изгубен | Не е повреден | без рестрикции | ползва се в читалня | 166424 | Регионална библиотека "Любен Каравелов" Русе | Регионална библиотека "Любен Каравелов" Русе | Читалня | 2003-10-10 | Читалня | 22.00 | 120000678999 | Ч 613/М 20 | 120000678999 | 1 | 11.25 | Дост: Pk Вид: Ф N: 17433 Дата: 09.10.2003 Дата инв: 17.03.2017 Бележки инв: Ч2017 | Книги | |
| Не е изгубен | Не е повреден | без рестрикции | ползва се в читалня | 166425 | Регионална библиотека "Любен Каравелов" Русе | Регионална библиотека "Любен Каравелов" Русе | Хранилище | 2005-01-19 | Хранилище | 22.00 | 120000691224 | Цб 216240 | 120000691224 | 2 | 11.25 | Дост: Dp Вид: Д N: 12 Дата: 10.03.2004 | Книги |